| 000 | 00425nam a2200169Ia 4500 | ||
|---|---|---|---|
| 008 | 180424s9999 xx 000 0 und d | ||
| 084 | _a517.352 T1 | ||
| 100 | _a"Thomson, William Tyrrell" | ||
| 245 | 0 | _aLaplace Transformation | |
| 250 | _a\\196002ENGGPS000 | ||
| 260 | _aPrentice-Hall | ||
| 260 | _b1960 | ||
| 260 | _cEnglewood Cliffs | ||
| 300 | _aix+255p | ||
| 500 | _aincludes index and biblioraphy | ||
| 942 | _cBK | ||
| 999 |
_c22716 _d22716 |
||